| 000 | 00616nam a2200193 i 4500 | ||
|---|---|---|---|
| 001 | 31921 | ||
| 003 | ES-MaACL | ||
| 005 | 20230906154456.0 | ||
| 007 | t| | ||
| 008 | 030130s1961 sp ||||1| spa d | ||
| 100 | 1 |
_aBerge, Ewald. _927941 |
|
| 245 | 1 | 0 |
_aTécnica operativa veterinaria / _cpor Ewald Berge, Melchior Westhues ; traducción por J.M. Santiago Luque. |
| 250 | _a2ª ed. | ||
| 260 |
_aBarcelona, etc. : _bLabor, _c1961. |
||
| 300 |
_aXX, 452 p. : _bil. ; _c22 cm. |
||
| 700 | 1 |
_aWesthues, Melchior. _9116571 |
|
| 700 | 1 |
_aSantiago Luque, José María. _9103405 |
|
| 852 |
_aES-MaACL _jC-20390 _bR.48227 |
||
| 999 |
_c31921 _d31921 |
||